| 000 | 00805nam a2200217 a 4500 | ||
|---|---|---|---|
| 005 | 20250618063842.0 | ||
| 008 | 991125s1994 mx 000 0 spa u | ||
| 035 | _aUPN01000019312 | ||
| 049 | _aF | ||
| 050 | 4 |
_aF1220 _bE5.4 1990 |
|
| 111 | 2 |
_aEncuentro de Autoridades Tradicionales _d(1990 : _cAlaquines, San Luis Potosí) _942910 |
|
| 245 | 1 | 0 |
_aEncuentro de autoridades tradicionales : _bAlaquines, Huauchinango, 1991 / _ccomp. Teresa Valdivia Dounce. |
| 260 |
_aMéxico : _bINI, _c1994. |
||
| 300 | _a46 p. | ||
| 440 | 0 |
_aCuadernos de antropología jurídica ; _v3 |
|
| 650 | 2 |
_aIndígenas de México _zSan Luis Potosí _927586 |
|
| 650 | 4 |
_aIndígenas de México _zPuebla _927569 |
|
| 650 | 4 |
_aIndígenas de México _9457 |
|
| 700 | 1 |
_aValdivia Dounce, María Teresa, _ecomp. _939469 |
|
| 905 | _aLibro | ||
| 999 |
_c19312 _d19312 |
||